Rozpoznaj klub piłkarski po piłkarzu (poziom łatwy) - Statystyki

Ogólne statystyki
  • Ten quiz został rozwiązany 45 razy
  • Średni wynik to 9 z 10
Statystyki odpowiedzi
Piłkarz Odpowiedź % Poprawnych
Harry Kane Bayern Monachium
95%
Luka Modrić Real Madryt
95%
Robert Lewandowski Barcelona
93%
Lionel Messi Inter Miami
93%
Erling Haaland Manchester City
93%
Mohamed Salah Liverpool
91%
Bukayo Saka Arsenal
88%
Bruno Fernandes Manchester United
88%
Ousmane Dembele PSG
88%
Cristiano Ronaldo AL Nassr
86%
Nie znaleziono quizów pasujących do podanych kryteriów
Rozkład punktacji
Procent ludzi z każdym wynikiem
Percentyl według liczby udzielonych odpowiedzi
Twoja historia wyników
Nie rozwiązałeś tego quizu